00557nam a2200157 a 4500008004100000050001500041100002400056245002400080250001200104260000900116300001100125350000900136995010600145999001700251952013100268120416s1974 xx |||||||||||||| || u aTJ 213 Mor aMorris, Noel Malcom10aControl engineering a2nd ed. c1974 a: ill. a0.00 D0.00FCBU-MAIN LIBRARY (Kitwe)H1I0.00M2UDAMAGEDWJun 2, 2009ZMain Library Open Access Collection c38714d38714 00102lcc4070a001b001cMain Library Open Access Collectiond2022-11-30l0oTJ 213 Morp716950r2022-11-30w2022-11-30y002